000
00278nam a2200133Ia 4500
100
_a
Meleka/A.H.ed
942
_c
BK
654
_a
Welding
245
_a
Electron Beam Welding
260
_b
Mc Graw Hill
_a
London
_c
1971
082
_a
672.52
300
_a
331
546
_a
ENGLISH
999
_c
30569
_d
30569